|
|
|
|
| LEADER |
01200nam a2200253 a 4500 |
| 001 |
GR-Patra16163 |
| 008 |
030923s19uu gr e 000 0 gre d |
| 020 |
|
|
|a 9603400246
|
| 040 |
|
|
|a GrPaTEI
|b gre
|c GR-PaULI
|
| 040 |
|
|
|a GrPaTEI
|b gre
|c GR-PaULI
|
| 082 |
|
0 |
|a 616.07575
|2 21
|
| 100 |
1 |
|
|a Γαλανόπουλος, Ν. Γ.
|
| 245 |
1 |
0 |
|a Βασική ακτινολογία :
|b λήψεις: ακτινοανατομία /
|c Ν. Γ. Γαλανόπουλος ; Επιστημονική επιμέλεια κειμένου- Εικόνες Ν. Δ. Νηφόρος ; Επιμέλεια λήψεων Λ. Α. Στυλιαράς.
|
| 260 |
|
|
|a Αθήνα :
|b Παρισιάνου,
|c [19--]
|
| 300 |
|
|
|a 170σ.
|
| 504 |
|
|
|a Βιβλιογραφία: σ.165
|
| 650 |
|
4 |
|a ΑΚΤΙΝΟΛΟΓΙΑ
|
| 700 |
1 |
|
|a Νηφόρος, Νικόλαος Δ.
|
| 700 |
1 |
|
|a Στυλιαράς, Λ. Α.
|
| 710 |
0 |
|
|a Παρισιάνος
|
| 942 |
|
|
|2 ddc
|
| 952 |
|
|
|0 0
|1 0
|2 ddc
|4 0
|6 616_075750000000000_ΓΑΛ
|7 0
|9 295447
|a LISK
|b LISK
|c BSC
|d 2021-01-17
|e 24
|f 0
|g 0.00
|l 0
|o 616.07575 ΓΑΛ
|p 92410019640
|r 2021-01-17 00:00:00
|t 1
|w 2021-01-17
|y BK15
|x 20030923 0 1
|x GrPaTEI
|
| 971 |
|
|
|a .b26636785
|b 15-04-20
|c 23-09-16
|
| 999 |
|
|
|c 172442
|d 172442
|